| 000 | 00483nam a2200193 i 4500 | ||
|---|---|---|---|
| 001 | bgj | ||
| 100 | 1 | _aCLARK, Mary Higgins | |
| 245 | 1 | 0 |
_aStillwatch / _cMary Higgins Clark. |
| 260 |
_aNew York : _bSimon and Schuster, _cc. 1984. |
||
| 300 |
_a302 pp ; _c22 cm. |
||
| 650 | 9 |
_aYoung women _xCrimes against |
|
| 655 | _aFiction | ||
| 020 | _a067169525 | ||
| 040 | _cBPK | ||
| 041 | 0 | _aeng | |
| 920 | _a0-671-6952-5 | ||
| 942 | _cKS | ||
| 008 | s uk f |000 0 eng | ||
| 999 |
_c47439 _d47439 |
||
| 856 |
_uhttp://koha.tu.koszalin.pl/cgi-bin/koha/opac-detail.pl?biblionumber=47439 _yKatalog online BPK |
||